Quick Pick: Planetary Missing Word Quiz Stats

 Plays Quiz Updated May 11, 2018

Challenge
Share
Tweet
Embed
Score 0/8 Timer 01:00
0 Plays Today
% Correct
Venus
96.3%
Earth
95.7%
Mercury
94.7%
Mars
94.2%
Jupiter
79.5%
Saturn
73.3%
Neptune
66.7%
Uranus
56.5%

Today's Daily Dose

Missing Word
Madam, I'm Adam

Quick Pick
Meat vs Animal

On This Day
October 21st II

You're not logged in!

Compare scores with friends on all Sporcle quizzes.
Join for Free
OR
Log In

You Might Also Like...

Show Comments

Extras

Top Quizzes Today


Score Distribution

Your Account Isn't Verified!

In order to create a playlist on Sporcle, you need to verify the email address you used during registration. Go to your Sporcle Settings to finish the process.

Report this User

Report this user for behavior that violates our Community Guidelines.

Details: